Statistics for Billy Preston Discography

Click here to take the quiz!

General Stats

  • This quiz has been taken 2 times
  • The average score is 18 of 31

Answer Stats

TypeYearName% Correct
Album1978Behold!
100%
Album1970Encouraging Words
100%
Album1971I Wrote a Simple Song
100%
Album1972Music Is My Life
100%
Album1969That's the Way God Planned It
100%
Album1974The Kids & Me
100%
Album1966Wildest Organ in Town!
100%
Album196316 Yr. Old Soul
50%
Album1977A Whole New Thing
50%
Album1976Billy Preston
50%
Duet Album1981Billy Preston & Syreeta
50%
Album1995Billy's Back
50%
Album1967Club Meeting
50%
Album1973Everybody Likes Some Kind of Music
50%
Reissued Album1973Gospel in My Soul
50%
Album1965Hymns Speak from the Organ
50%
Album1975It's My Pleasure
50%
Album1979Late at Night
50%
Live Album1974Live European Tour
50%
Album2001Music from My Heart
50%
Album1984On the Air
50%
Album1982Pressin' On
50%
Album1965The Most Exciting Organ Ever
50%
Album1981The Way I Am
50%
Album1980Universal Love
50%
Album1996Words and Music
50%
Collaborative Album2001You and I
50%
Album1986You Can't Keep a Good Man Down
50%
EP2004Billy's Tribute to The Beatles EP
0%
Album1965Early Hits of '65
0%
Album1994Ministry of Music
0%

Score Distribution

Percentile by Number Answered

Percent of People with Each Score

Your Score History

You have not taken this quiz